00559nam a2200145Ia 4500008004100000100002200041245008300063245005600146260004900202260000900251650001300260856004800273999001900321952007300340170221s9999 xx 000 0 und d aMichael G. Brizek aExplaining corporate entrepreneurship: a contemporary literature investigation cMichael G. Brizek, South Carolina State University. bJournal of Management and Marketing Research c2014 xBusiness uhttp://www.aabri.com/manuscripts/131617.pdf c309515d309515 001040aCLbCLd2017-02-21l0r2017-02-21 00:00:00w2017-02-21yFOJ